[Event "FIN-chT2 Gp4 1516"]
[Site "Finland"]
[Date "2015.10.10"]
[Round "1.3"]
[White "Palmo, Pentti Olavi"]
[Black "Nisula, Timo"]
[Result "1/2-1/2"]
[WhiteElo "2001"]
[BlackElo "1907"]
[PlyCount "28"]
[EventDate "2015.09.12"]
[EventType "team-tourn"]
[EventRounds "7"]
[EventCountry "FIN"]
[SourceTitle "EXT 2017"]
[Source "ChessBase"]
[SourceDate "2016.10.25"]
[SourceVersion "1"]
[SourceVersionDate "2016.10.25"]
[SourceQuality "1"]
[WhiteTeam "Eura SK"]
[BlackTeam "Oulu OSS II"]
[WhiteTeamCountry "FIN"]
[BlackTeamCountry "FIN"]

1. e4 e5 2. Nf3 Nc6 3. Bb5 a6 4. Ba4 Nf6 5. 0-0 Be7 6. Re1 b5 7. Bb3 d6 8. c3 0-0 9. h3 Bb7 10. d4 Re8 11. Nbd2 Bf8 12. dxe5 Nxe5 13. Nxe5 Rxe5 14. Bc2 Re8 1/2-1/2

[Event "EU-chT Seniors 15th"]
[Site "Dresden"]
[Date "2013.07.26"]
[Round "7"]
[White "Bernhardsson, Sten Hilding G"]
[Black "Palmo, Pentti Olavi"]
[Result "1/2-1/2"]
[WhiteElo "2084"]
[BlackElo "2034"]
[PlyCount "78"]
[EventDate "2013.07.20"]
[EventType "team-swiss"]
[EventRounds "9"]
[EventCountry "GER"]
[SourceTitle "CBM 155 Extra"]
[Source "ChessBase"]
[SourceDate "2013.08.26"]
[SourceVersion "1"]
[SourceVersionDate "2013.08.26"]
[SourceQuality "1"]
[WhiteTeam "Sweden III"]
[BlackTeam "Turku"]
[WhiteTeamCountry "SWE"]
[BlackTeamCountry "FIN"]

1. d4 Nf6 2. Nf3 g6 3. c4 Bg7 4. Nc3 0-0 5. e4 d6 6. Be2 e5 7. Be3 Nc6 8. d5 Ne7 9. Nd2 Nd7 10. b4 f5 11. f3 Nf6 12. c5 Ne8 13. Rc1 Kh8 14. cxd6 cxd6 15. Nb5 Bd7 16. a4 a6 17. Na3 Rc8 18. Nac4 Qc7 19. Bb6 Qb8 20. 0-0 Bh6 21. Qb3 Ng8 22. Be3 Bxe3+ 23. Qxe3 Ngf6 24. Nb6 Rxc1 25. Rxc1 Qd8 26. a5 fxe4 27. fxe4 Ng4 28. Qg3 Ngf6 29. h3 Kg7 30. Bf3 Nc7 31. Be2 Bb5 32. Bxb5 Nxb5 33. Qh4 Nh5 34. Qxd8 Rxd8 35. Rc8 Rxc8 36. Nxc8 Nf6 37. Kf2 Ne8 38. Ke3 Kf6 39. Nc4 h6 1/2-1/2

[Event "Heart of Finland op 22nd"]
[Site "Jyvaskyla"]
[Date "2012.07.15"]
[Round "9"]
[White "Palmo, Pentti Olavi"]
[Black "Mattila, Olavi"]
[Result "1/2-1/2"]
[WhiteElo "2051"]
[BlackElo "1914"]
[PlyCount "37"]
[EventDate "2012.07.09"]
[EventType "swiss"]
[EventRounds "9"]
[EventCountry "FIN"]
[SourceTitle "EXT 2022"]
[Source "ChessBase"]
[SourceDate "2021.10.06"]
[SourceVersion "1"]
[SourceVersionDate "2021.10.06"]
[SourceQuality "1"]

1. e4 e6 2. d4 d5 3. Nd2 dxe4 4. Nxe4 Be7 5. Nf3 Nf6 6. Bd3 Nc6 7. c3 0-0 8. 0-0 b6 9. Qe2 Qd7 10. Rd1 Nxe4 11. Qxe4 f5 12. Qe2 Bd6 13. Bb5 a6 14. Bc4 b5 15. Bd3 Ne7 16. Ne5 Qe8 17. Re1 Ng6 18. Nf3 h6 19. Bd2 1/2-1/2

[Event "EU-chT Seniors"]
[Site "Rogaska Slatina"]
[Date "2012.04.02"]
[Round "7.21"]
[White "Niebuhr, Gerd"]
[Black "Palmo, Pentti Olavi"]
[Result "1/2-1/2"]
[WhiteElo "2079"]
[BlackElo "2064"]
[PlyCount "41"]
[EventDate "2012.03.27"]
[EventType "team-swiss"]
[EventRounds "9"]
[EventCountry "SLO"]
[SourceTitle "CBM 147 Extra"]
[Source "ChessBase"]
[SourceDate "2012.04.24"]
[SourceVersion "1"]
[SourceVersionDate "2012.04.24"]
[SourceQuality "1"]
[WhiteTeam "Niedersachsen (Seniors)"]
[BlackTeam "Turku (Seniors)"]
[WhiteTeamCountry "GER"]
[BlackTeamCountry "FIN"]

1. d4 Nf6 2. c4 e6 3. Nf3 d5 4. Nc3 c6 5. e3 Nbd7 6. Bd3 dxc4 7. Bxc4 b5 8. Bd3 a6 9. e4 Bb7 10. 0-0 c5 11. d5 exd5 12. Nxd5 Be7 13. Nxe7 Qxe7 14. e5 Nd5 15. Bf5 0-0 16. Bg5 f6 17. exf6 N7xf6 18. Re1 Qc7 19. Be6+ Kh8 20. Nh4 Nf4 21. Bxf4 1/2-1/2

[Event "EU-chT Seniors 12th"]
[Site "Dresden"]
[Date "2010.02.11"]
[Round "2"]
[White "Bjorgvik, Jan Arne"]
[Black "Palmo, Pentti Olavi"]
[Result "1/2-1/2"]
[WhiteElo "1921"]
[BlackElo "2080"]
[PlyCount "32"]
[EventDate "2010.02.10"]
[EventType "team-swiss"]
[EventRounds "9"]
[EventCountry "GER"]
[SourceTitle "CBM 134 Extra"]
[Source "ChessBase"]
[SourceDate "2010.03.03"]
[SourceVersion "1"]
[SourceVersionDate "2010.03.03"]
[SourceQuality "1"]
[WhiteTeam "Trondergutan (Seniors)"]
[BlackTeam "Turku (Seniors)"]
[WhiteTeamCountry "NOR"]
[BlackTeamCountry "FIN"]

1. e4 e6 2. d4 d5 3. exd5 exd5 4. Nf3 Bd6 5. Bd3 Ne7 6. 0-0 Bg4 7. Re1 Nbc6 8. c3 Qd7 9. Be3 0-0 10. Nbd2 Bf5 11. Qc2 Bxd3 12. Qxd3 Qf5 13. Qxf5 Nxf5 14. Nf1 Rfe8 15. Bd2 h5 16. Ne3 Nxe3 1/2-1/2